01587nam a22001937a 450000500170000000800410001702000150005804000070007304100080008008200200008810000600010824500410016826000310020930000260024052010420026665000140130865000130132270000580133520211001114028.0211001b ||||| |||| 00| 0 eng d a8171679358 cAL aeng 223a355.5bNAYN aK K Nayyar; Jayal B D; V K Singh; R B Suri; Afsir Karim aNational security:bMilitary Aspects aNew DelhibRupa & Coc2003 avi,276p.bHBc23x16cm aThis book attempts to do some serious stock taking by illuminating facets of national security that demand urgent attention. Covering topics like India's geopolitical environment, military build up, conflict scenarios, role of air power and internal security, it focuses on the flaws in the system and the need for plugging the loopholes. Written by experts on the subject, it aims to highlight threats, old and new, emanating from diverse quarters, endangering the peaceful existence of the country like never before. This book attempts to do some serious stock taking by illuminating facets of national security that demand urgent attention. Covering topics like India's geopolitical environment, military build up, conflict scenarios, role of air power and internal security, it focuses on the flaws in the system and the need for plugging the loopholes. Written by experts on the subject, it aims to highlight threats, old and new, emanating from diverse quarters, endangering the peaceful existence of the country like never before. aAir Power aMilitary aK K Nayyar; BD Jayal; Singh VK; Suri R B; Afsir Karim